Giáo trình Kỹ thuật Audio và Video

Wedi'i Gadw mewn:
Manylion Llyfryddiaeth
Prif Awdur: Nguyễn, Tấn Phước
Fformat: Llyfr
Iaith:Undetermined
Cyhoeddwyd: Hà Nội Hồng Đức 2010
Pynciau:
Tagiau: Ychwanegu Tag
Dim Tagiau, Byddwch y cyntaf i dagio'r cofnod hwn!
Thư viện lưu trữ: Trung tâm Học liệu Trường Đại học Cần Thơ
LEADER 00656nam a2200193Ia 4500
001 CTU_146573
008 210402s9999 xx 000 0 und d
020 |c 30000 
082 |a 621.38897 
082 |b Ph557 
100 |a Nguyễn, Tấn Phước 
245 0 |a Giáo trình Kỹ thuật Audio và Video 
245 0 |c Nguyễn Tấn Phước 
260 |a Hà Nội 
260 |b Hồng Đức 
260 |c 2010 
650 |a Audiovisual engineering,Electronic apparatus and appliances,Kỹ thuật thính thị,Thiết bị điện tử 
904 |i Qhieu 
980 |a Trung tâm Học liệu Trường Đại học Cần Thơ